Statistiche per Riconosci la Squadra di calcio - Quiz n°149

Clicka qui per fare il quiz!

Statistiche generali

  • Questo quiz è stato fatto 2 volte
  • Il punteggio medio è 6 su 9

Statistiche sulle risposte

IndizioRisposta% Corretto
Titoli nazionali1 Segunda Division
1 Segunda Division B
100%
Colori socialiBianco, blu
100%
ConfederazioneUEFA
100%
Trofei nazionali0
50%
Trofei internazionali0
50%
Fondazione1889
50%
Capienza Stadio21 670 posti
50%
Divisione nazionale 2023-2024Terza
50%
SquadraRecreativo de Huelva
0%

Distribuzione punteggi

Percentile per numero di risposta

Percentuale di utenti per punteggio

I tuoi punteggi nel tempo

Non hai fatto questo quiz